| 000 | 02024cam a22002898i 4500 | ||
|---|---|---|---|
| 003 | URS | ||
| 005 | 20260406174222.0 | ||
| 008 | 231016s2024 nyu b 001 0 eng | ||
| 020 | _a978-103244-243-3 | ||
| 040 |
_bEnglish _erda _cURS |
||
| 050 | 0 | 0 |
_aRJ506.B44 _bM1758 2024 |
| 082 | 0 | 0 | _a618.92/8914 |
| 100 | 1 |
_aMcGinnis, J. Chris, _eauthor. |
|
| 245 | 1 | 0 |
_aIntroduction to primary care behavioral pediatrics : _ba guide for behavior analysts / _cJ. Chris McGinnis. |
| 263 | _a2403 | ||
| 264 | 1 |
_aNew York : _bRoutledge, _c©2024. |
|
| 300 |
_axiii, 189 pages _c23 cm. |
||
| 336 |
_atext _btxt _2rdacontent |
||
| 337 |
_aunmediated _bn _2rdamedia |
||
| 338 |
_avolume _bnc _2rdacarrier |
||
| 504 | _aIncludes bibliographical references and index. | ||
| 520 |
_a"This book is a comprehensive yet practical guide to the practice of primary care behavioral pediatrics for behavior analysts. Practitioners of this subspecialty work collaboratively with caregivers, educators, pediatricians, and pediatric specialists to bring about success for primarily neurotypical children experiencing difficulties with everything from sleep and cooperation to attention, anxiety, and toileting. This book reviews the historical and theoretical foundations of the subspecialty and provides practical guidance for problem conceptualization, assessment, case formulation, treatment planning, science-based behavioral treatment, caregiver treatment adherence, multidisciplinary collaboration, and ethical practice. A cornerstone for the field, Introduction to Primary Care Behavioral Pediatrics is essential for graduate students, practitioners of behavior analysis, and anyone interested in science-based pediatric behavioral healthcare"-- _cProvided by publisher. |
||
| 650 | 0 | _aBehavior disorders in children. | |
| 650 | 0 | _aPrimary care (Medicine) | |
| 776 | 0 | 8 |
_iOnline version: _aMcGinnis, J. Chris. _tIntroduction to primary care behavioral pediatrics _dNew York, NY : Routledge, 2024 _z9781003371281 _w(DLC) 2023044417 |
| 942 |
_2lcc _cR |
||
| 999 |
_c99067 _d99064 |
||